Справочник экономиста по труду: методика экономических расчетов по кадрам, труду и заработной плате на промышленных предприятиях

Dettagli Bibliografici
Autore principale: Поляков И. А. Иван Авдеевич
Altri autori: Ремизов К. С. Константин Сергеевич
Riassunto:Исключено из фонда НТБ ТПУ
Lingua:russo
Pubblicazione: Москва, Экономика, 1988
Edizione:6-е изд., перераб. и доп.
Natura: MixedMaterials Libro
KOHA link:https://koha.lib.tpu.ru/cgi-bin/koha/opac-detail.pl?biblionumber=263707

MARC

LEADER 00000nam0a2200000 4500
001 263707
005 20231031222514.0
010 |a 5282005603 
020 |a RU  |b 88-71639 
035 |a (RuTPU)RU\TPU\book\286696 
090 |a 263707 
100 |a 20140610d1988 k a0rusy5003 ca 
101 0 |a rus 
102 |a RU 
105 |a y g 000zy 
200 1 |a Справочник экономиста по труду  |e методика экономических расчетов по кадрам, труду и заработной плате на промышленных предприятиях  |f И. А. Поляков, К. С. Ремизов 
205 |a 6-е изд., перераб. и доп. 
210 |a Москва  |c Экономика  |d 1988 
215 |a 238 с. 
333 |a Исключено из фонда НТБ ТПУ 
700 1 |a Поляков  |b И. А.  |g Иван Авдеевич 
701 1 |a Ремизов  |b К. С.  |g Константин Сергеевич 
801 0 |a RU  |b RuMRKP  |c 19950417  |g psbo 
801 1 |a RU  |b 63413507  |c 20140610 
801 2 |a RU  |b 63413507  |c 20220314  |g RCR 
942 |c BK